| 000 | 00595nam a2200193Ia 4500 | ||
|---|---|---|---|
| 008 | 090124s9999 xx 000 0 und d | ||
| 082 |
_b27846 _a7031 |
||
| 100 | _aजमींदार निरंजन | ||
| 245 | _a रोझा डॉबसन् | ||
| 250 | _a1 | ||
| 260 | _c1994 | ||
| 300 | _a77 | ||
| 600 | _aजमींदार निरंजन | ||
| 630 | _a रोझा डॉबसन् | ||
| 700 | _aशाळिग्राम सुषमा | ||
| 700 | _aजमींदार निरंजन | ||
| 730 | _a रोझा डॉबसन् | ||
| 942 | _cBOOK | ||
| 999 |
_c141308 _d141308 |
||